| 000 | 00771nam a22001577a 4500 | ||
|---|---|---|---|
| 003 | OSt | ||
| 005 | 20150916165402.0 | ||
| 008 | 150916b xxu||||| |||| 00| 0 eng d | ||
| 040 | _cRUA | ||
| 082 | _aAGR SEN 1999 BOO25 Or.1 | ||
| 100 |
_9617 _aSEANG , SAMNANG |
||
| 245 | _aPlnting techniques and rubber of oil plamin the estate of mong rethty investment vcambodia iol palm co.,LTD.(បច្ចេលទេសដាំដុះនិងថែទាំដំណាំដូងប្រេងនៅការដ្ឋានរបស់ក្រុនហ៊ុន ម៉ុង រិទ្ធី វិនិយោគទុនដំណាំដូងប្រេងកម្ពុជា). | ||
| 260 |
_aPHNOM PHEN _bRUA _c1999 |
||
| 300 |
_a57p. _bill. _c29cm. |
||
| 942 |
_2ddc _cAGR |
||
| 999 |
_c593 _d593 |
||